| 000 | 00991nam a2200277 a 4500 | ||
|---|---|---|---|
| 001 | BRL_1545 | ||
| 005 | 20190320211245.0 | ||
| 008 | 030314s1992----be-ao#####---#000-0#fre-# | ||
| 020 | _a2872320067 | ||
| 041 | _afre | ||
| 044 | _abe | ||
| 050 | 4 |
_aGT4848 _b.F48 1992 |
|
| 245 | 1 | 0 |
_aFetes et masques du Nouveau Monde _bCatalogue _csous la direction de Michel Revelard. |
| 260 |
_aBinche, Belgium _bPatrimoine du Musée International du Carnaval et du Masque _c1992 |
||
| 300 |
_a163 p. _bil., fotografías _c30 cm. |
||
| 500 | _aAu1787 | ||
| 500 | _aMusee International du Carnaval et du Masque-Binche, 7 mai - 15 novembre 1992. | ||
| 504 | _aBibliografía: p. 105-111 | ||
| 610 | 2 | 4 |
_aMusée International du Carnaval et du Masque _vCatálogos _927233 |
| 650 | 1 | 4 |
_aMáscaras _vCatálogos _927234 |
| 650 | 1 | 4 |
_aFestivales _vCatálogos _927235 |
| 700 | 1 |
_aRevelard, Michel _927236 |
|
| 710 | 2 |
_aMusée International du Carnaval et du Masque _927237 |
|
| 902 | _aGRL | ||
| 942 |
_2lcc _cB |
||
| 999 |
_c10354 _d10354 |
||